| 000 | 01081nam a22003255a 4500 | ||
|---|---|---|---|
| 008 | 081204t1999 M a|||frb||| 001 0 eng d | ||
| 010 | _a 98072069 | ||
| 020 | _a0395927587 | ||
| 020 | _a9780395927588 | ||
| 040 |
_aEG-ScBUE _beng _cEG-ScBUE |
||
| 082 | 0 | 4 |
_a657 _bPRI _222 |
| 245 | 1 | 0 |
_aPrinciples of accounting / _cBelverd E. Needles ... [et al.]. |
| 250 | _a7th ed. | ||
| 260 |
_aBoston : _bHoughton Mifflin Co., _cc1999. |
||
| 260 | _bDistributer: Dar Fathy Taha Mohamed Desoukey. | ||
| 300 |
_axlvi, 1229 p. : _bcol. ill. ; _c29 cm. |
||
| 500 | _aIndexes :p.1210-1229. | ||
| 500 | _aAppendix :p.1191-1209. | ||
| 504 | _aIncludes bibliographical references . | ||
| 650 | 0 |
_aAccounting. _2BUEsh |
|
| 650 | 0 |
_aAccounting-- _xStudy and teaching. _2BUEsh |
|
| 651 | _2BUEsh | ||
| 653 |
_bBUSADM _cAugust2015 |
||
| 700 | 1 |
_aPowers, Marian, _tauthor. |
|
| 700 | 1 |
_aMills, Sherry K. , _tauthor. |
|
| 700 | 1 |
_aAnderson, Hennry R. , _tauthor. |
|
| 700 | 1 |
_aCaldewell, James C. , _tcontribut. |
|
| 700 | 1 |
_aCrosson, Susan V. , _tcontribut. |
|
| 942 |
_cBB _k657 PRI _2ddc |
||
| 999 |
_c9020 _d9020 |
||